Warszawa czy Poznań - Statystyki

Ogólne statystyki
  • Ten quiz został rozwiązany 611 razy
    564 od ostatniego zresetowania
  • Średni wynik to 12 z 15
Statystyki odpowiedzi
Zagadnienie Odpowiedź % Poprawnych
Leży w Wielkopolsce Poznań
100%
Jest znane z koziołków na ratuszu Poznań
100%
Prezydentem jest Rafał Trzaskowski Warszawa
100%
Jest znane z syrenki Warszawa
100%
Jacek Jaśkowiak jest prezydentem Poznań
99%
Posiada klub piłkarski Lech Poznań
98%
Jest większe powierzchniowo Warszawa
98%
Przepływa przez nie Warta Poznań
97%
Przepływa przez nie Wisła Warszawa
97%
Urodził się w tym mieście Robert Lewandowski Warszawa
91%
Jest bliżej z niego do Łodzi Warszawa
85%
Otrzymało szybciej prawa miejskie Poznań
62%
Graniczy z parkiem narodowym Warszawa
47%
Było lub jest stolicą Polski Oba
41%
Leżało pod zaborem Niemieckim po zaborach Oba
17%
Nie znaleziono quizów pasujących do podanych kryteriów
Rozkład punktacji
Procent ludzi z każdym wynikiem
Percentyl według liczby udzielonych odpowiedzi
Twoja historia wyników
Nie rozwiązałeś tego quizu od ostatniego zresetowania